Etats des Etats-Unis qui pratiquent la peine de mort - Statistiques

Statistiques générales
  • Ce quiz a été pris 51 fois
  • Le résultat moyen est 19 sur 27
Statistiques - réponses
Hint Réponse % Correct
8 Floride
98%
25 Texas
95%
1 Alabama
82%
2 Arizona
80%
3 Arkansas
80%
4 Californie
80%
5 Caroline du Nord
80%
6 Caroline du Sud
80%
10 Idaho
75%
14 Louisiane
75%
20 Ohio
75%
7 Dakota du Sud
70%
12 Kansas
68%
13 Kentucky
68%
19 Nevada
68%
9 Géorgie
66%
16 Missouri
66%
26 Utah
66%
11 Indiana
64%
17 Montana
64%
27 Wyoming
64%
18 Nebraska
59%
21 Oklahoma
57%
22 Oregon
57%
24 Tennessee
57%
23 Pennsylvanie
55%
15 Mississipi
52%
Aucun quiz correspondant
Distribution des résultats
% des personnes avec chaque résultat
Percentile par nombre de réponses
Votre historique - résultats
Vous n’avez pas pris ce quiz